Statistics for Top 50 Managers in the World 2017

Click here to take the quiz!

General Stats

  • This quiz has been taken 45 times
  • The average score is 19 of 50

Answer Stats

Rank:Nationality:Manager:% Correct
5PortugalJosé Mourinho
100%
1SpainPep Guardiola
100%
2ItalyAntonio Conte
97%
4ItalyCarlo Ancelotti
88%
8FranceZinedine Zidane
81%
10GermanyJürgen Klopp
78%
3ArgentinaDiego Simeone
72%
6ItalyMassimiliano Allegri
72%
7GermanyJoachim Löw
66%
13SpainLuis Enrique
66%
20FranceArsène Wenger
59%
11FranceDidier Deschamps
59%
37NetherlandsLouis van Gaal
53%
15SpainUnai Emery
53%
18ItalyClaudio Ranieri
50%
21GermanyThomas Tuchel
50%
25FranceLaurent Blanc
44%
36ChileManuel Pellegrini
44%
31NetherlandsRonald Koeman
44%
14ArgentinaJorge Sampaoli
41%
27SpainRafael Benitez
41%
34FranceRudi Garcia
41%
40UruguayÓscar Tabárez
38%
19PortugalFernando Santos
34%
41BrazilLuiz Felipe Scolari
34%
28SpainErnesto Valverde
28%
35RomaniaMircea Lucescu
28%
45WalesChris Coleman
25%
26SpainJulen Lopetegui
25%
29GermanyJulian Nagelsmann
25%
9PortugalLeonardo Jardim
25%
32ItalyLuciano Spalletti
25%
16ArgentinaMarcelo Bielsa
25%
23ItalyMaurizio Sarri
25%
22BrazilTite
25%
30FranceClaude Puel
19%
47EnglandEddie Howe
19%
42ItalyGian Piero Gasperini
19%
33ArgentinaMarcelo Gallardo
19%
38PortugalJorge Jesus
16%
17SwitzerlandLucien Favre
16%
12ArgentinaMauricio Pocchettino
16%
46NetherlandsGiovanni van Bronckhorst
13%
49SpainJuan Antonio Pizzi
9%
48SwedenLars Lagerbäck
9%
24ItalyMarcello Lippi
9%
44AustriaRalph Hasenhüttl
9%
39ItalyGiovanni Trapattoni
3%
50ArgentinaRicardo La Volpe
3%
43IcelandHeimir Hallgrímsson
0%

Score Distribution

Percentile by Number Answered

Percent of People with Each Score

Your Score History

You have not taken this quiz